Исследование динамики изменения длины пластического контакта стружки с интсрументом при резании металлов; Справочник. Инженерный журнал; № 1

Opis bibliograficzny
Parent link:Справочник. Инженерный журнал: научно-технический и производственный журнал.— , 2000-.— 0203-347X
№ 1.— 2005.— С. 13-16
1. autor: Михайлов С. В.
Język:rosyjski
Wydane: 2005
Seria:Современные технологии
Hasła przedmiotowe:
Format: MixedMaterials Rozdział
KOHA link:https://koha.lib.tpu.ru/cgi-bin/koha/opac-detail.pl?biblionumber=395983

MARC

LEADER 00000naa2a2200000 4500
001 395983
005 20231101064720.0
035 |a (RuTPU)RU\TPU\prd\33686 
090 |a 395983 
100 |a 20050314a2005 k y0rusy50 ca 
101 0 |a rus 
102 |a RU 
200 1 |a Исследование динамики изменения длины пластического контакта стружки с интсрументом при резании металлов  |f С. В. Михайлов 
225 1 |a Современные технологии 
320 |a Библиогр.: 10 назв. 
461 1 |0 (RuTPU)RU\TPU\prd\1723  |x 0203-347X  |t Справочник. Инженерный журнал  |o научно-технический и производственный журнал  |d 2000- 
463 1 |0 (RuTPU)RU\TPU\prd\32928  |t № 1  |v С. 13-16  |d 2005 
610 1 |a стружка 
610 1 |a интструменты 
610 1 |a резание металлов 
610 1 |a длина пластического контакта 
610 1 |a определение 
610 1 |a закономерности 
610 1 |a виды стружек 
610 1 |a стружкообразование 
610 1 |a механическая обработка 
675 |a 621.9  |v 3 
700 1 |a Михайлов  |b С. В. 
801 1 |a RU  |b 63413507  |c 20050314  |g PSBO 
801 2 |a RU  |b 63413507  |c 20140116  |g RCR 
942 |c BK